| 000 | 00430nam a22001697a 4500 | ||
|---|---|---|---|
| 003 | CEME | ||
| 005 | 20210628203626.0 | ||
| 008 | 210317b xxu||||| |||| 00| 0 eng d | ||
| 020 | _a969-474-133-5 | ||
| 040 | _c. | ||
| 082 | _a491.43903 QAU'J | ||
| 100 |
_aJalibi, Jameel Dr _966614 |
||
| 245 | _aQaumi english dictionary | ||
| 260 |
_aINSLAMABAD _bNATIONAL LANGUAGE AUTHORITY _c1994 |
||
| 300 | _aXV, 2356P | ||
| 942 |
_cBK _2ddc |
||
| 999 |
_c574552 _d574552 |
||